Normal view
MARC view
- Imran Faisal
Entry Personal Name
001 - CONTROL NUMBER
- control field: 50804
003 - CONTROL NUMBER IDENTIFIER
- control field: NUST
005 - DATE AND TIME OF LATEST TRANSACTION
- control field: 20210314134804.0
008 - FIXED-LENGTH DATA ELEMENTS
- fixed length control field: 210314|| aca||aabn | a|a d
040 ## - CATALOGING SOURCE
- Original cataloging agency: NUST
- Transcribing agency: NUST
100 ## - HEADING--PERSONAL NAME
- Personal name: Imran Faisal
670 ## - SOURCE DATA FOUND
- Source citation: Work cat.: (NUST): Imran Faisal , Improvement in radiation shielding properties of heavy weight concrete with suitable application , 2015.
